The oil engine manual / (Record no. 545855)
[ view plain ]
| 000 -LEADER | |
|---|---|
| fixed length control field | 00589cam a2200169 a 4500 |
| 082 ## - DEWEY DECIMAL CLASSIFICATION NUMBER | |
| Classification number | 621.436 |
| Author Mark | WIL |
| -- | L-TECH, P-64 |
| 110 2# - MAIN ENTRY--CORPORATE NAME | |
| Corporate name or jurisdiction name as entry element | Oil Engine. |
| 9 (RLIN) | 41830 |
| 245 14 - TITLE STATEMENT | |
| Title | The oil engine manual / |
| Statement of responsibility, etc. | by D. S. D. Williams and J. Millar Smith of the Oil Engine Technical Staff. |
| 260 ## - PUBLICATION, DISTRIBUTION, ETC. | |
| Place of publication, distribution, etc. | London : |
| Name of publisher, distributor, etc. | Temple Press, |
| Date of publication, distribution, etc. | c1945. |
| 300 ## - PHYSICAL DESCRIPTION | |
| Extent | 296 p. : |
| Other physical details | ill., ports. ; |
| Dimensions | 22 cm. |
| 526 ## - STUDY PROGRAM INFORMATION NOTE | |
| Program name | 0 |
| Interest level | 0 |
| Reading level | 0 |
| Title point value | 621_436000000000000_WIL |
| 650 #0 - SUBJECT ADDED ENTRY--TOPICAL TERM | |
| Topical term or geographic name entry element | Internal combustion engines. |
| 650 #0 - SUBJECT ADDED ENTRY--TOPICAL TERM | |
| Topical term or geographic name entry element | MCE |
| 9 (RLIN) | 379 |
| 700 1# - ADDED ENTRY--PERSONAL NAME | |
| Personal name | Smith, J. Millar, |
| 9 (RLIN) | 41831 |
| 700 1# - ADDED ENTRY--PERSONAL NAME | |
| Personal name | Williams, Denys Stephen Dodsley, |
| 9 (RLIN) | 41832 |
| 942 ## - ADDED ENTRY ELEMENTS (KOHA) | |
| Source of classification or shelving scheme | |
| Koha item type | Book |
| Withdrawn status | Lost status | Source of classification or shelving scheme | Damaged status | Not for loan | Permanent Location | Current Location | Date acquired | Total Checkouts | Full call number | Barcode | Date last seen | Price effective from | Koha item type |
|---|---|---|---|---|---|---|---|---|---|---|---|---|---|
| Military College of Engineering (MCE) | Military College of Engineering (MCE) | 05/29/2014 | 621.436 WIL | MCE-40028 | 05/29/2014 | 05/29/2014 | Book |
